[Event "20th Croatian Cup"]
[Site "Sibenik CRO"]
[Date "2011.05.19"]
[Round "3.41"]
[White "Jovanovic,Zo CRO"]
[Black "Grguric,Dr"]
[Result "1-0"]
[WhiteElo "2553"]
[BlackElo "2122"]

1.e4 c5 2.Nc3 Nc6 3.Bb5 g6 4.Bxc6 dxc6 5.d3 Bg7 6.Be3 Qa5 7.Ne2 Nf6 8.O-O Ng4
9.Bd2 e5 10.h3 Nf6 11.Qc1 O-O 12.Bh6 Qc7 13.Bxg7 Kxg7 14.Qe3 b6 15.f4 exf4
16.Rxf4 Qe5 17.Raf1 Nd5 18.Nxd5 cxd5 19.c3 Ba6 20.R1f2 Rac8 21.d4 Qe7 22.Ng3 Rce8
23.e5 Bc8 24.Rf6 h6 25.Qf3 Be6 26.Ne2 cxd4 27.cxd4 Qb4 28.Nf4 Bf5 29.Nh5+ Kh7
30.Rxf5  1-0

[Event "TCh-UKR Clubs 2011"]
[Site "Alushta UKR"]
[Date "2011.05.20"]
[Round "8.2"]
[White "Harutjunyan,G"]
[Black "Reutov,An"]
[Result "1-0"]
[WhiteElo "2449"]
[BlackElo "2206"]

1.e4 c5 2.Nc3 Nc6 3.Nf3 e5 4.Bc4 d6 5.d3 Be7 6.Nd2 Nf6 7.Nf1 O-O 8.Ne3 Nd4
9.O-O Bd7 10.a4 Ne6 11.Nf5 Bc6 12.Nd5 Bxd5 13.exd5 Nc7 14.Qf3 Qd7 15.Bh6 Nce8
16.Bg5 Nxd5 17.Qg4 Qd8 18.Bxe7 Nxe7 19.Nh6+ Kh8 20.Nxf7+ Rxf7 21.Bxf7 Nf6
22.Qe2 Qf8 23.Bh5 g5 24.Bf3 Rb8 25.c3 Qg7 26.g3 h5 27.Bg2 h4 28.a5 g4 29.d4 Ng6
30.dxc5 dxc5 31.Qe3 h3 32.Be4 Re8 33.Ra4 b6 34.axb6 axb6 35.Ra8 Rxa8 36.Bxa8 Kh7
37.Rd1 Qa7 38.Be4 Qa4 39.Re1 Qb5 40.Qd3 Qxd3 41.Bxd3 Nd7 42.Bf5  1-0

[Event "XXVI Felix Cup"]
[Site "Baile Felix ROU"]
[Date "2011.05.20"]
[Round "1.11"]
[White "Tat,Alin-Sebastian"]
[Black "Florescu,C"]
[Result "0-1"]
[WhiteElo "1752"]
[BlackElo "2262"]

1.e4 c5 2.Nc3 Nc6 3.Bb5 g6 4.Bxc6 dxc6 5.d3 e5 6.Nf3 f6 7.O-O Nh6 8.b3 Nf7
9.Be3 Bg4 10.h3 Be6 11.Qd2 g5 12.Nh2 h5 13.f3 Rh7 14.a4 Nh8 15.a5 b5 16.axb6 axb6
17.Rxa8 Qxa8 18.Na4 Qa6 19.Rd1 Ng6 20.Nf1 Bd6 21.Ng3 Bc7 22.Qc3 Bd8 23.Kf2 g4
24.hxg4 hxg4 25.Rh1 Rxh1 26.Nxh1 Qa7 27.Qd2 Qh7 28.Ke1 gxf3 29.g3 Qg8 30.Qh2 Nf8
31.Qh5+ Kd7 32.Qxf3 Bg4 33.Qg2 Ne6 34.Nf2 Nd4 35.Bxd4 cxd4 36.Qh2 Be6 37.Kf1 Kd6
38.Ke1 b5 39.Nb2 Ba5+ 40.Kf1 Bd2 41.Nfd1 Bc1 42.Qf2 Qg5 43.Kg2 Ke7 44.c4 dxc3
45.Qc5+ Kf7 46.Qxc3 Qd2+ 47.Qxd2 Bxd2  0-1

[Event "XXVI Felix Cup"]
[Site "Baile Felix ROU"]
[Date "2011.05.20"]
[Round "1.1"]
[White "Muntoiu,Emanoil"]
[Black "Ardelean,Ge"]
[Result "0-1"]
[WhiteElo "1826"]
[BlackElo "2485"]

1.e4 c5 2.Nc3 Nc6 3.Nf3 d6 4.d4 cxd4 5.Nxd4 Nf6 6.Be2 e5 7.Nb3 a5 8.a4 Be7
9.Be3 O-O 10.O-O Nb4 11.Bg5 Bd7 12.Bxf6 Bxf6 13.Nb5 Be6 14.c3 Nc6 15.c4 Be7
16.Qd2 Qb6 17.Rad1 Rac8 18.Qe3 Qxe3 19.fxe3 Rfd8 20.Rd2 Rd7 21.Rfd1 Rcd8
22.Nc1 Nb4 23.b3 f5 24.exf5 Bxf5 25.Bd3 Bg4 26.Be2 Be6 27.Nd3 Bg5 28.Nf2 d5
29.Bg4 Bxg4 30.Nxg4 h5 31.h4 Bxh4 32.Nxe5 Bg5 33.Nxd7 Bxe3+ 34.Kf1 Bxd2 35.Rxd2 Rxd7
36.cxd5 Nxd5 37.g3 Ne3+ 38.Ke2 Rxd2+ 39.Kxd2 Nf1+ 40.Ke1 Nxg3 41.Nd6 b6 42.Kf2 h4  0-1

[Event "20th Croatian Cup"]
[Site "Sibenik CRO"]
[Date "2011.05.20"]
[Round "4.84"]
[White "Florjan,M"]
[Black "Deur,Z"]
[Result "1/2-1/2"]
[WhiteElo "2011"]
[BlackElo "2140"]

1.e4 c5 2.Nf3 Nc6 3.Nc3 Nf6 4.g3 g6 5.Bg2 Bg7 6.O-O O-O 7.Re1 d6 8.d3 Nd4
9.Nd5 Bg4 10.c3 Nxf3+ 11.Bxf3 Bxf3 12.Qxf3  1/2-1/2

[Event "XXX Zalakaros Open"]
[Site "Zalakaros HUN"]
[Date "2011.05.20"]
[Round "1"]
[White "Kernazhitsky,L"]
[Black "Egri,L2"]
[Result "1-0"]
[WhiteElo "2296"]
[BlackElo "2024"]

1.e4 c5 2.Nc3 Nc6 3.Bb5 a6 4.Bxc6 bxc6 5.d3 d6 6.f4 g6 7.Nf3 Bg7 8.O-O e6
9.Qe1 Ne7 10.e5 Nf5 11.Ne4 dxe5 12.fxe5 O-O 13.Bg5 Qb6 14.g4 h6 15.gxf5 hxg5
16.f6 Bh6 17.Nexg5 Bxg5 18.Nxg5 Qb4 19.Qg3 Qd4+ 20.Rf2 Rd8 21.Qh3 Qxe5 22.Qh7+  1-0

[Event "1st Alimini Village Open"]
[Site "Otranto ITA"]
[Date "2011.05.21"]
[Round "1"]
[White "Shytaj,L"]
[Black "Plachkinova,T"]
[Result "0-1"]
[WhiteElo "2494"]
[BlackElo "2137"]

1.e4 c5 2.Nf3 Nc6 3.Nc3 d6 4.d4 cxd4 5.Nxd4 Nf6 6.Bg5 e6 7.Qd2 Qb6 8.Nb3 a6
9.O-O-O Be7 10.h3 O-O 11.g4 Rd8 12.Be3 Qc7 13.g5 Nd7 14.f4 b5 15.Qf2 Bb7
16.Kb1 b4 17.Na4 Nc5 18.Naxc5 dxc5 19.Bd3 e5 20.Bxc5 Bxc5 21.Nxc5 Bc8 22.f5 Nd4
23.Nb3 Bb7 24.f6 a5 25.Rhf1 g6 26.Nxd4 Rxd4 27.Qh4 h5 28.gxh6 Kh7 29.Qg5 a4
30.h4 b3 31.a3 bxc2+ 32.Bxc2 Qxc2+ 33.Kxc2 Bxe4+ 34.Rd3 Bxd3+ 35.Kd2 Bxf1+
36.Ke1 Bc4 37.h5 Re4+ 38.Kd2 Rd8+ 39.Kc3 Rd3+ 40.Kb4 Be6+ 41.Ka5 Rd5+ 42.Kb6 Rd6+
43.Kc5 Rd5+ 44.Kb6 Bf5 45.Kc6 Red4 46.Kb6 Rd6+ 47.Kc5 R6d5+ 48.Kb6 Be4 49.Qg3 Rd6+
50.Ka7 Rd7+ 51.Kb8 Rb7+ 52.Kc8 Rc4+ 53.Kd8 Bf5  0-1

[Event "63rd ch-MNE"]
[Site "Tivat MNE"]
[Date "2011.05.22"]
[Round "2.7"]
[White "Kontic,D"]
[Black "Nikcevic,N"]
[Result "1-0"]
[WhiteElo "2313"]
[BlackElo "2416"]

1.e4 c5 2.Nc3 Nc6 3.Bb5 g6 4.Nf3 Bg7 5.O-O d6 6.Re1 e5 7.Nd5 Ne7 8.d4 O-O
9.dxc5 dxc5 10.c3 Be6 11.Be3 Nxd5 12.exd5 Bxd5 13.Bxc5 Re8 14.c4 Be6 15.Bxc6 bxc6
16.Qxd8 Rexd8 17.Nxe5 Bxe5 18.Rxe5 Bxc4 19.b3 Be6 20.Be3 a5 21.Re4 a4 22.bxa4 h5
23.h3 Rd3 24.Bb6 Bd5 25.Rb4 Ra3 26.a5 Re8 27.a6 Rxa6 28.a4 Re2 29.a5 Ra2
30.Rxa2 Bxa2 31.f3 Kf8 32.Re4 Be6 33.g4 Bd5 34.Rf4 Kg7 35.Bd4+ Kf8 36.Bc3 c5
37.gxh5 gxh5 38.Rf5 Bb7 39.Kf2 Rd6 40.Rxc5 Rd3 41.Bb4 Rxf3+ 42.Ke2 Kg7 43.a6 Be4
44.Re5 Bc6 45.Rg5+ Kf6 46.Rxh5 Kg6 47.Rc5 Ba8 48.Rc8 Be4 49.Rc4 Ba8 50.Rg4+ Kf5
51.Rg8 Be4 52.a7 Rxh3 53.a8=Q Bxa8 54.Rxa8 Rb3 55.Ra4 Rb2+ 56.Kd3 Rb3+ 57.Bc3 Rb6
58.Ke3 f6 59.Rf4+ Kg6 60.Kd4 Ra6 61.Kd5 Kg5 62.Rf1 Kg6 63.Bb4 Kf7 64.Bc5 Kg6
65.Be7 Kf7 66.Bd8 Kg6 67.Rf2 Kf7 68.Re2 Ra8 69.Re7+ Kf8 70.Rd7 Ke8 71.Rh7 Ra6
72.Bc7 Kf8 73.Bd6+ Kg8 74.Rd7 Ra1 75.Ke6 Rf1 76.Bg3 Rh1 77.Bf2 Rh7 78.Rd8+ Kg7
79.Bd4 Kg6 80.Bxf6 Ra7 81.Rg8+ Kh5 82.Kf5 Ra5+ 83.Be5 Ra6  1-0

[Event "Serbian Cup 2011"]
[Site "Valjevo SRB"]
[Date "2011.05.22"]
[Round "7.3"]
[White "Perunovic,Mil"]
[Black "Solomunovic,I"]
[Result "1-0"]
[WhiteElo "2578"]
[BlackElo "2383"]

1.e4 c5 2.Nc3 Nc6 3.Bb5 Nd4 4.Bc4 g6 5.Nf3 Bg7 6.Nxd4 cxd4 7.Qf3 Nh6 8.Ne2 O-O
9.c3 dxc3 10.dxc3 d6 11.h3 b5 12.Bd5 Rb8 13.Bg5 Be6 14.Rd1 Kh8 15.Qe3 Ng8
16.h4 Bxd5 17.exd5 Nf6 18.h5 Kg8 19.hxg6 hxg6 20.Rd4 Re8 21.Rdh4 Qd7 22.Bh6 Nxd5
23.Qd2 e6 24.Bxg7 Kxg7 25.Rh7+ Kf6 26.Qd4+ e5 27.Qh4+ g5 28.Rh6+  1-0

[Event "zt 2.5"]
[Site "Asuncion PAR"]
[Date "2011.05.23"]
[Round "8"]
[White "Daneri,M"]
[Black "Gamarra,R"]
[Result "1-0"]
[WhiteElo "2095"]
[BlackElo "2009"]

1.e4 c5 2.Nc3 Nc6 3.Bb5 Nd4 4.Bc4 e6 5.Nf3 a6 6.d3 b5 7.Bb3 Bb7 8.Nxd4 cxd4
9.Ne2 Qb6 10.O-O Ne7 11.Kh1 g6 12.Bg5 Bg7 13.f4 f5 14.Ng3 Qc5 15.Bxe7 Kxe7
16.exf5 gxf5 17.Qh5 Raf8 18.Rae1 Kd8 19.Ne4 Qc6 20.Qg5+ Kc8 21.Qxg7 fxe4
22.dxe4 Qd6 23.c3 dxc3 24.Qxc3+ Bc6 25.Rd1 Qc7 26.Qd4 Rhg8 27.g3 h5 28.Rc1 Kb7
29.Bd5 h4 30.Rf3 e5 31.Qf2 hxg3 32.hxg3 Rh8+ 33.Kg2 exf4 34.gxf4 Qd6 35.Qc5 Qh6
36.Rg3 Qh2+ 37.Kf3 Rf6 38.e5 Rh3 39.Rxh3 Qxh3+ 40.Ke2 Qg4+ 41.Kd3 Rh6 42.Rf1 Qf5+
43.Kd2 Rh2+ 44.Kc1 Qd3 45.Bxc6+ dxc6 46.Rd1 Qf5 47.Qe7+  1-0

[Event "ch-Siberia Women"]
[Site "Barnaul RUS"]
[Date "2011.05.23"]
[Round "4"]
[White "Ubiennykh,E"]
[Black "Sharapova,A"]
[Result "1-0"]
[WhiteElo "2308"]
[BlackElo "2013"]

1.e4 c5 2.Nf3 Nc6 3.Nc3 d6 4.d4 cxd4 5.Nxd4 e5 6.Nb3 Be6 7.g3 Be7 8.Bg2 Nf6
9.Bg5 Qd7 10.Qd2 a5 11.Bxf6 Bxf6 12.Rd1 a4 13.Nc1 Nd4 14.O-O Bh3 15.Nd5 Bxg2
16.Kxg2 Qc6 17.c3 Ne6 18.Nd3 Bg5 19.f4 Bh6 20.Qe2 Ra5 21.fxe5 Ng5 22.N3b4 Qd7
23.Qh5 Nxe4 24.e6 Qxe6 25.Nc7+ Kd7 26.Qxa5 Ng5 27.Nxe6  1-0

[Event "63rd ch-MNE"]
[Site "Tivat MNE"]
[Date "2011.05.23"]
[Round "3.6"]
[White "Vulevic,V"]
[Black "Nikac,P"]
[Result "1-0"]
[WhiteElo "2350"]
[BlackElo "2350"]

1.e4 c5 2.Nf3 Nc6 3.Nc3 d6 4.d4 cxd4 5.Nxd4 e5 6.Nf3 Nf6 7.Bc4 Be7 8.h3 O-O
9.O-O Be6 10.Bb3 a5 11.a4 Bxb3 12.cxb3 Nb4 13.Bg5 Nh5 14.Be3 Nf6 15.Qe2 Qd7
16.Rfd1 Qc6 17.Bg5 h6 18.Bxf6 Bxf6 19.Rac1 Qa6 20.Nb5 Rad8 21.Qd2 Rd7 22.Nc7 Qb6
23.Nd5 Nxd5 24.Qxd5 Rfd8 25.h4 Rc7 26.Rxc7 Qxc7 27.Qc4 Qe7 28.g3 Qe6 29.Kg2 Qxc4
30.bxc4 Rc8 31.b3 Rc6 32.Rd5 b6 33.Nd2 g6 34.Nb1 Be7 35.Nc3 Kg7 36.Nb5 f5
37.exf5 gxf5 38.h5 Kf6 39.f4 Ke6 40.Rd1  1-0

[Event "63rd ch-MNE"]
[Site "Tivat MNE"]
[Date "2011.05.24"]
[Round "4.5"]
[White "Kontic,D"]
[Black "Batricevic,S"]
[Result "1-0"]
[WhiteElo "2313"]
[BlackElo "2245"]

1.e4 c5 2.Nc3 Nc6 3.Nf3 e5 4.Bc4 d6 5.d3 Be7 6.O-O Be6 7.Nd5 Nf6 8.Ng5 Bxd5
9.exd5 Nb8 10.f4 exf4 11.Bxf4 O-O 12.Qe2 a6 13.Rae1 Re8 14.Nxf7 Kxf7 15.Qe6+ Kf8
16.g4 Qd7 17.g5 Qxe6 18.Rxe6 Nbd7 19.a4 Ne5 20.gxf6 Bxf6 21.Rxd6 Nxc4 22.dxc4 Re4
23.b3 Kg8 24.Bg3 Rf8 25.Kg2 h5 26.Rf4 Re2+ 27.Rf2 Re4 28.Re6 Rg4 29.Kh3 Rd4
30.Bd6 Rh4+ 31.Kg2 Rg4+ 32.Kf1 Rc8 33.Rg2 Rxg2 34.Kxg2 Kf7 35.Kf3 h4 36.h3 Bg5
37.Kg4 Bf6 38.Kf5 Rh8 39.Ke4 Rh5 40.Bf4 Bd8 41.Re5 g5 42.Kf3 Bf6 43.Rf5 Kg6
44.Kg4 Bd8 45.Be3 b6 46.Rf8  1-0

[Event "XXX Zalakaros Open"]
[Site "Zalakaros HUN"]
[Date "2011.05.24"]
[Round "5"]
[White "Sax,G"]
[Black "Izso,D"]
[Result "1/2-1/2"]
[WhiteElo "2513"]
[BlackElo "2279"]

1.e4 c5 2.Nf3 Nc6 3.Nc3 e5 4.Bc4 Be7 5.d3 d6 6.O-O Nf6 7.Ng5 O-O 8.f4 Bg4
9.Qe1 exf4 10.Bxf4 Nd4 11.Qd2 h6 12.Nf3 Nxf3+ 13.gxf3 Bh3 14.Rf2 Kh7 15.Kh1 Nh5
16.Bg3 Bh4 17.Rg1 Nxg3+ 18.hxg3 Bg5 19.Qe2 Be6 20.Nd5 b5 21.Bxb5 Bxd5 22.exd5 Rb8
23.c4 a6 24.Bc6 Bf6 25.Qe4+ Kh8 26.Rgg2 Bd4 27.Re2 Qg5 28.b3 Qc1+ 29.Kh2 Qg5
30.Kh1 Qc1+ 31.Re1 Qc3 32.f4 Qa5 33.Ree2 Qc3 34.Qf3 Rbd8 35.Kh2 Bf6 36.Re4 Bd4
37.Qe2 Qa5 38.Re7 Bf6 39.Ra7 Rb8 40.Qd2 Bc3 41.Qe3 Bf6 42.Re2 Kg8 43.Qf3 Qb6
44.Rd7 Rfd8 45.Qg4 Qa5 46.Qf5 Re8 47.Qg4 Red8 48.Kh3 Qc3 49.Ra7 Qxd3 50.Bd7 h5
51.Qxh5 g6 52.Qg4 Qb1 53.Kg2 Bd4 54.Qf3 Qg1+ 55.Kh3 Kg7 56.Be6 Rh8+ 57.Kg4 Rbf8
58.f5 Bf6 59.fxg6 Rh4+ 60.Kf5 Qb1+ 61.Re4 Rh1 62.Kg4 Rf1 63.Qe2 Kxg6 64.Kh3 Rh1+
65.Kg4 fxe6 66.dxe6 Qc1 67.Rf4 Qd1 68.Qxd1 Rxd1 69.Rxa6 Re8 70.Re4  1/2-1/2

[Event "XXX Zalakaros Open"]
[Site "Zalakaros HUN"]
[Date "2011.05.24"]
[Round "5"]
[White "Kernazhitsky,L"]
[Black "Rezsek,G"]
[Result "1-0"]
[WhiteElo "2296"]
[BlackElo "2004"]

1.e4 c5 2.Nc3 Nc6 3.Bb5 g6 4.Bxc6 dxc6 5.d3 Bg7 6.Be3 b6 7.Qd2 Nf6 8.Nge2 O-O
9.Bh6 Bxh6 10.Qxh6 Ng4 11.Qd2 f6 12.h3 Ne5 13.f4 Nf7 14.g4 e5 15.f5 Qd6 16.O-O-O Rd8
17.Qe3 Qf8 18.Rdf1 g5 19.Ng3 Rd6 20.Nb1 Qh6 21.Nd2 Kf8 22.h4 Qg7 23.Nh5 Qh6
24.Nf3 gxh4 25.Qxh6+ Nxh6 26.Rxh4 Nf7 27.Nxf6 Rxf6 28.g5 Rd6 29.Rxh7 Rd7
30.Rfh1 Nxg5 31.Nxg5 Rxh7 32.Rxh7 Kg8 33.f6 Be6 34.Rg7+  1-0

[Event "ch-Siberia Men"]
[Site "Barnaul RUS"]
[Date "2011.05.26"]
[Round "7"]
[White "Piskunov,A"]
[Black "Sergeev,Alb"]
[Result "0-1"]
[WhiteElo "2270"]
[BlackElo "2323"]

1.e4 c5 2.Nc3 Nc6 3.Bb5 Nd4 4.Bc4 e6 5.Nf3 Nf6 6.O-O a6 7.a4 Qc7 8.d3 Ng4
9.g3 h5 10.Nxd4 cxd4 11.Bf4 d6 12.Ne2 Be7 13.h3 Nf6 14.Bg5 e5 15.Kg2 Nxe4
16.Bxe7 Kxe7 17.Nf4 Nf6 18.Nd5+ Nxd5 19.Bxd5 Be6 20.Bxe6 fxe6 21.Qd2 Qc6+
22.f3 Raf8 23.c4 Rf5 24.b4 Rhf8 25.b5 Qc7 26.Qe2 a5 27.Qe4 b6 28.Rae1 Qc8
29.f4 Qa8 30.Qxa8 Rxa8 31.fxe5 Rxe5 32.g4 hxg4 33.hxg4 Rxe1 34.Rxe1 Rd8 35.Re4 e5
36.Re1 Ke6 37.Rc1 Rc8 38.Kf3 Rf8+ 39.Kg3 e4 40.dxe4 Ke5 41.Rh1 Kxe4 42.Rh5 Rf3+
43.Kg2 Rc3 44.Rd5 Rxc4 45.Rxd6 d3 46.Kf2 Rd4 47.Re6+ Kd5 48.Re1 d2 49.Rd1 g5
50.Ke3 Ke5 51.Ke2 Ke4 52.Kf2 Kd3  0-1

[Event "63rd ch-MNE"]
[Site "Tivat MNE"]
[Date "2011.05.26"]
[Round "6.8"]
[White "Kontic,D"]
[Black "Popadic,Dr"]
[Result "1-0"]
[WhiteElo "2313"]
[BlackElo "2241"]

1.e4 c5 2.Nc3 Nc6 3.Nge2 Nf6 4.g3 d5 5.exd5 Nxd5 6.Bg2 Nxc3 7.bxc3 g6 8.d4 Bg7
9.Be3 O-O 10.O-O Qc7 11.Nf4 Rd8 12.Rb1 e6 13.d5 Ne5 14.Qe2 Rb8 15.Rfd1 b6
16.dxe6 Rxd1+ 17.Rxd1 fxe6 18.h4 Nf7 19.Bc1 Qe7 20.h5 g5 21.Nd5 Qf8 22.h6 Nxh6
23.Bxg5 exd5 24.Bxd5+ Nf7 25.Bxf7+ Kxf7 26.Rd8 Qxd8 27.Bxd8 Be6 28.Qh5+ Kf8
29.Bc7 Re8 30.Bd6+  1-0

[Event "XXX Zalakaros Open"]
[Site "Zalakaros HUN"]
[Date "2011.05.26"]
[Round "7"]
[White "Kernazhitsky,L"]
[Black "Konnyu,J"]
[Result "0-1"]
[WhiteElo "2296"]
[BlackElo "2384"]

1.e4 c5 2.Nc3 Nc6 3.Bb5 Nd4 4.Bc4 g6 5.Nf3 Bg7 6.Nxd4 cxd4 7.Qf3 Nh6 8.Ne2 O-O
9.d3 Ng4 10.Bb3 d6 11.Bd2 a5 12.a4 Qb6 13.Qg3 Bd7 14.h3 Nf6 15.h4 Qc5 16.c3 dxc3
17.bxc3 b5 18.O-O bxa4 19.Be3 Qb5 20.Bc4 Qc6 21.Nd4 Qc7 22.f3 Rab8 23.Qf2 e6
24.Qd2 d5 25.exd5 exd5 26.Bf4 Rb2 27.Bxc7 Rxd2 28.Ra2 Bh6 29.f4 Rxa2 30.Bxa2 Rc8
31.Bxa5 Nh5 32.f5 Ng3 33.Rb1 Nxf5 34.Rb7 Nxd4 35.Rxd7 Nb3 36.Rxd5 Bd2 37.Rd8+ Rxd8
38.Bxd8 Bxc3 39.Be7 Bb2 40.Bg5 Nc5 41.Bc4 a3 42.Be7 Na4 43.Bb4 Nc3 44.Bxc3 Bxc3
45.Kf2 Kg7 46.Kf3 f5 47.h5 g5 48.Ke3 Kf6 49.d4 g4 50.Kd3 Bb4 51.Ke3 Kg5 52.Bf7 f4+
53.Ke2 h6 54.Kf2 Bc3 55.Kf1 Bxd4  0-1

[Event "TCh-FRA Top 12 2011"]
[Site "Mulhouse FRA"]
[Date "2011.05.27"]
[Round "2.6"]
[White "Milliet,S"]
[Black "San Emeterio Cabanes,J"]
[Result "1/2-1/2"]
[WhiteElo "2388"]
[BlackElo "2398"]

1.e4 c5 2.Nf3 Nc6 3.Nc3 e5 4.Bc4 Be7 5.d3 d6 6.O-O Nf6 7.Ng5 O-O 8.f4 Bg4
9.Qe1 exf4 10.Bxf4 Nd4 11.Qd2 Qd7 12.a4 h6 13.Nf3 Nxf3+ 14.gxf3 Be6 15.Kh1 Kh7
16.Qe2 a6 17.Rg1 d5 18.exd5 Nxd5 19.Be5 g6 20.Qe4 f5 21.Qe2 Rae8 22.Qg2 Rg8
23.Nxd5 Bxd5 24.Bxd5 Qxd5 25.f4 Qxg2+ 26.Rxg2 g5 27.Re1 g4 28.Re3 Kg6 29.Rge2 Kf7
30.c3 h5 31.d4 cxd4 32.cxd4 Rc8 33.Rb3 Rc1+ 34.Kg2 h4 35.h3 b5 36.axb5 axb5
37.Rc3 Rxc3 38.bxc3 Rc8 39.d5 Rd8 40.Rd2 Bc5 41.Bc7 Rd7 42.d6 Ke6 43.Re2+ Kf6
44.Re5 Bxd6 45.Bxd6 Rxd6 46.Rxb5 Rd2+ 47.Kg1 Rd3 48.hxg4 fxg4 49.Rg5 Rd1+
50.Kg2 Rd2+ 51.Kg1 g3 52.Rh5 Rd1+ 53.Kg2 Rd2+ 54.Kg1 Kg6 55.Rxh4 Kf5 56.Rh8 Kg4
57.Rb8 Kh3 58.Rh8+ Kg4 59.Rb8 Rd1+ 60.Kg2 Rd2+ 61.Kg1 Kh3 62.Rh8+ Kg4  1/2-1/2

[Event "e2e4 Sunningdale Open"]
[Site "Ascot ENG"]
[Date "2011.05.28"]
[Round "2"]
[White "Michielsen,J"]
[Black "Green,An"]
[Result "1-0"]
[WhiteElo "2338"]
[BlackElo "2135"]

1.e4 c5 2.Nf3 Nc6 3.Nc3 g6 4.d4 cxd4 5.Nxd4 Bg7 6.Be3 Nf6 7.Bc4 O-O 8.Bb3 d6
9.h3 Bd7 10.O-O Rc8 11.Re1 b6 12.Nxc6 Bxc6 13.Bg5 e6 14.Bf4 d5 15.e5 Nd7
16.Qe2 Nc5 17.Rad1 Qc7 18.Qe3 a5 19.a3 Qb7 20.Rd4 f5 21.h4 Rfe8 22.Ba2 Ne4
23.Ne2 Bb5 24.f3 Nc5 25.Nc3 Bc6 26.Rd2 Bf8 27.Ne2 b5 28.Bh6 Be7 29.Bg5 Bf8
30.h5 Na4 31.c3 b4 32.axb4 axb4 33.Rc1 Bb5 34.Nd4 bxc3 35.bxc3 Bc4 36.Bf6 Bxa2
37.Rxa2 Rc4 38.hxg6 hxg6 39.Rca1 Qd7 40.Qg5 Kf7 41.Qh4 Bg7 42.Bxg7 Kxg7 43.Qf6+ Kg8
44.Qxg6+ Kf8 45.g3  1-0

[Event "ch-Siberia Women"]
[Site "Barnaul RUS"]
[Date "2011.05.28"]
[Round "9"]
[White "Avdeenko,T"]
[Black "Sharapova,A"]
[Result "1-0"]
[WhiteElo "2175"]
[BlackElo "2013"]

1.e4 c5 2.Nc3 Nc6 3.Bb5 Nd4 4.Bc4 e6 5.Nf3 a6 6.O-O b5 7.Bd3 Bb7 8.Nxd4 cxd4
9.Ne2 Bc5 10.b4 Bxb4 11.Nxd4 Nf6 12.e5 Qb6 13.Bb2 Bc5 14.Nb3 Nd5 15.Nxc5 Qxc5
16.Qg4 f5 17.exf6 gxf6 18.Qh5+ Ke7 19.c4 bxc4 20.Rfc1 Rag8 21.g3 Rg5 22.Qf3 Qb4
23.Be4 Qxb2 24.Rab1 Qxa2 25.Rxb7 a5 26.h4 Re5 27.Qg4 Rf8 28.Qg7+ Rf7 29.Rxd7+ Kxd7
30.Qxf7+ Ne7 31.Rb1 Qxb1+ 32.Bxb1 Re1+ 33.Kg2 Rxb1 34.Qxh7 Rb4 35.Qg7 a4
36.Qxf6 a3 37.Qd4+ Nd5 38.Qa7+ Kd6 39.Qxa3 Ke5 40.Qf3 Rb3 41.Qg4 Rb4 42.h5 Kd6
43.h6 Rb7 44.Qg6 Ne7 45.Qg7 Rc7 46.h7 Nf5 47.Qxc7+  1-0

[Event "XXX Zalakaros Open"]
[Site "Zalakaros HUN"]
[Date "2011.05.28"]
[Round "9"]
[White "Kernazhitsky,L"]
[Black "Csonka,A1"]
[Result "1/2-1/2"]
[WhiteElo "2296"]
[BlackElo "2409"]

1.e4 c5 2.Nc3 Nc6 3.Bb5 g6 4.Bxc6 bxc6 5.d3 Bg7 6.Nge2 d6 7.O-O h5 8.Be3 Nf6
9.h3 h4 10.f4 Be6 11.a3 Qd7 12.Rf3 c4 13.Nd4 Rh5 14.Qf1 cxd3 15.Qxd3 c5 16.Nxe6 Qxe6
17.f5 gxf5 18.exf5 Qd7 19.Rd1 Qb7 20.b3 Nd7 21.Nd5 Be5 22.Qe4 Rb8 23.Qg4 Rh8
24.b4 cxb4 25.axb4 Nf6 26.Nxf6+ Bxf6 27.Bd4 Qxb4 28.Rb3 Bxd4+ 29.Kh1 Qxb3
30.cxb3 Bf6 31.Rc1 Kf8 32.Rc7 Rg8 33.Qc4 Rg3 34.Rc8+ Rxc8 35.Qxc8+ Kg7 36.Qb7 Rc3
37.Kg1 a5 38.Kf1 Rc2 39.Qe4 Rb2 40.Qg4+ Kf8 41.Qf3 Be5 42.Ke1 Bf6 43.Kd1 Ra2
44.Kc1 Ra1+ 45.Kc2 Re1 46.Qa8+ Kg7 47.Qf3 Re5 48.Qg4+ Kf8 49.Qf3 Rc5+ 50.Kd2 d5
51.Qf4 d4 52.Qb8+ Kg7 53.g4 hxg3 54.Qxg3+ Kh7 55.Qf3 Kh6 56.Kd1 Rc3 57.Qd5 Rxh3
58.Qxf7 Kg5 59.Qd5 Re3 60.Qxa5 Rxb3 61.Qd5 Re3 62.Kd2 Re5 63.Qf3 Rxf5 64.Qg3+ Kh6
65.Kd3 Rg5 66.Qh4+ Kg7 67.Qh3 Rc5 68.Qg2+ Kf7 69.Qa2+ Kg7 70.Qg2+ Rg5 71.Qh3 Ra5
72.Qg2+ Kf8 73.Qb2 Ra8 74.Qb4 Rc8 75.Ke4 Rc3 76.Qb7 Re3+ 77.Kf4 Be5+ 78.Kf5 Bd6
79.Qa7 Rf3+ 80.Ke4 Rf4+ 81.Kd3 Kf7 82.Qb7 Kf6 83.Qd5 Be5 84.Qh1 Rf5 85.Qh6+ Kf7
86.Qh7+ Ke6 87.Qh3 Kf6 88.Qh6+ Kf7 89.Qh7+  1/2-1/2

[Event "Goodbye Spring"]
[Site "Lviv UKR"]
[Date "2011.05.29"]
[Round "7.5"]
[White "Klimonchuk,Roman"]
[Black "Kovalsky,Vadim"]
[Result "0-1"]
[WhiteElo "1527"]
[BlackElo "1976"]

1.e4 c5 2.Nc3 Nc6 3.Bb5 Nf6 4.Nf3 d6 5.O-O Bd7 6.d4 cxd4 7.Nxd4 e6 8.Bg5 Be7
9.Re1 O-O 10.Nxc6 Bxc6 11.Bd3 h6 12.Bd2 Qb6 13.Rb1 a6 14.a4 Rac8 15.Re3 e5
16.Rg3 Kh7 17.Be3 Qc7 18.Qd2 Rfd8 19.Rh3 Bf8 20.b3 b5 21.f3 Bd7 22.g4 Qxc3
23.Qg2 bxa4 24.bxa4 Bxa4 25.Rc1 Bb5 26.Qf1 Bxd3 27.cxd3 Qa3 28.g5 Ng8 29.gxh6 Nxh6
30.Ra1 Qb3 31.Rxa6 Rc3 32.Rb6 Qc2 33.Rb7 Rxd3  0-1

[Event "63rd ch-MNE"]
[Site "Tivat MNE"]
[Date "2011.05.29"]
[Round "9.8"]
[White "Vulevic,V"]
[Black "Popadic,Dr"]
[Result "0-1"]
[WhiteElo "2350"]
[BlackElo "2241"]

1.e4 c5 2.Nf3 Nc6 3.Nc3 e5 4.Bc4 Be7 5.O-O Nf6 6.d3 O-O 7.Bg5 d6 8.h3 Ne8
9.Bxe7 Nxe7 10.Re1 Ng6 11.Nd5 Nf6 12.c3 Nxd5 13.Bxd5 Nf4 14.d4 Qf6 15.Kh2 Qg6
16.Rg1 Qh6 17.Qf1 Bg4 18.dxe5 Bxf3 19.gxf3 dxe5 20.Rg3 Rad8 21.Rd1 b6 22.Qa6 Rd7
23.Bb3 Rxd1 24.Bxd1 Qd6 25.Rg1 Qd7  0-1

[Event "Chicago Open"]
[Site "Wheeling USA"]
[Date "2011.05.29"]
[Round "6"]
[White "Aliyev,T"]
[Black "Jayakumar,A"]
[Result "1-0"]
[WhiteElo "2256"]
[BlackElo "2170"]

1.e4 c5 2.Nc3 Nc6 3.Bb5 Nd4 4.Bc4 g6 5.f4 Bg7 6.Nf3 a6 7.a4 e6 8.O-O Ne7
9.e5 d6 10.Nxd4 cxd4 11.Ne4 dxe5 12.fxe5 Bxe5 13.d3 O-O 14.Bh6 Bg7 15.Nf6+ Kh8
16.Bg5 h6 17.Qg4 Ng8 18.Qh4 Qa5 19.Ne4 Qc7 20.Rf6 Qe5 21.Raf1 Bxf6 22.Bxf6+ Nxf6
23.Nxf6 Kg7 24.a5 Rb8 25.Ng4 Qg5 26.Qg3 Bd7 27.h4 Qxa5 28.Qf4 Qh5 29.Qxd4+ e5
30.Qxd7 g5 31.Ne3 Rbd8 32.Qe7 Qg6 33.Bxf7 Rxf7 34.Qxd8 Rxf1+ 35.Nxf1 Qc6
36.Qe7+ Kg6 37.Qxe5 Qxc2 38.hxg5 hxg5  1-0

[Event "e2e4 Sunningdale Open"]
[Site "Ascot ENG"]
[Date "2011.05.30"]
[Round "7"]
[White "Fowler,D SCO"]
[Black "Garnett,J"]
[Result "1/2-1/2"]
[WhiteElo "1881"]
[BlackElo "2028"]

1.e4 c5 2.Nf3 Nc6 3.Nc3 g6 4.Bb5 Bg7 5.O-O e5 6.Bxc6 bxc6 7.d3 d6 8.Be3 Ne7
9.h3 O-O 10.Qd2 Rb8 11.b3 f5 12.Bh6 fxe4 13.Nxe4 Bxh3 14.Bxg7 Kxg7 15.Nxe5 Bxg2
16.Kxg2 dxe5 17.Qc3 Rf5 18.Qxc5 Qd7 19.Rh1 Rbf8 20.Rh4 Nd5 21.Rah1 h5 22.Kf1 Nf6
23.Nxf6 R8xf6 24.R1h2 e4 25.Qe3 exd3 26.cxd3 Rf3 27.Qd4 Rxd3 28.Qxd7+ Rxd7
29.Ra4 Rfd6 30.Rhh4 Rd1+ 31.Kg2 R1d2 32.Rhf4 c5 33.Ra6 R2d6 34.Rfa4 Rxa6
35.Rxa6 Rc7 36.f4 c4 37.bxc4 Rxc4 38.Rxa7+ Kf6 39.Kg3 Rc3+ 40.Kf2 Kf5 41.Rf7+ Kg4
42.Rf6 Ra3 43.Rxg6+ Kxf4 44.Kg1 Rxa2 45.Rf6+ Kg5 46.Rf1 Kg4 47.Rb1 h4 48.Rc1 h3
49.Kh1 Kg3 50.Rb1 Rc2  1/2-1/2

[Event "TCh-FRA Top 12 2011"]
[Site "Mulhouse FRA"]
[Date "2011.05.30"]
[Round "5"]
[White "Le Goff,D"]
[Black "Miton,K"]
[Result "0-1"]
[WhiteElo "2271"]
[BlackElo "2619"]

1.e4 c5 2.Nc3 Nc6 3.Bb5 Nd4 4.Bc4 e6 5.Nge2 Nf6 6.O-O a6 7.a4 d5 8.exd5 exd5
9.Ba2 Be7 10.Nf4 Bg4 11.f3 Be6 12.Nce2 Nc6 13.c3 Qb6 14.Kh1 Bd6 15.d4 cxd4
16.Nxd4 Nxd4 17.Qxd4 Qxd4 18.cxd4 Rc8 19.Be3 Ke7 20.Rac1 Rc6 21.Rxc6 bxc6
22.Rc1 Rb8 23.b3 Kd7 24.g4 Re8 25.Ng2 h5 26.h3 hxg4 27.hxg4 Ng8 28.Kg1 Ne7
29.Kf2 f5 30.g5 Ng6 31.f4 Rh8 32.Bb1 Rh3 33.Bc2 Bb4 34.Bd3 a5 35.Be2 Ne7
36.Bf3 Ng6 37.Rd1 Bd6 38.Rc1 Bf7 39.Bd2 Bc7 40.Rb1 Nf8 41.Be3 Ne6 42.Be2 Bh5
43.Bxh5 Rxh5 44.Rc1 Rh3 45.Rd1 Bd6 46.Rc1 Kc7 47.Rd1 Kb6 48.Rc1 Ba3 49.Rd1 Bb4
50.Ke2 Kc7 51.Rd3 Rh2 52.Kf3 Kd6 53.Bf2 Rxg2  0-1

[Event "Nis Open 2011"]
[Site "Nis SRB"]
[Date "2011.05.30"]
[Round "6.5"]
[White "Markovic,Ma"]
[Black "Zivkovic,Nem"]
[Result "1-0"]
[WhiteElo "2303"]
[BlackElo "2184"]

1.e4 c5 2.Nc3 Nc6 3.Bb5 Nd4 4.Bc4 e6 5.Nge2 a6 6.Nxd4 cxd4 7.Ne2 b5 8.Bb3 Bb7
9.d3 Qb6 10.O-O Ne7 11.Ng3 Nc6 12.a3 a5 13.f4 a4 14.Ba2 g6 15.f5 Bd6 16.Bg5 Be5
17.fxe6 dxe6 18.Qg4 Bg7 19.Rxf7 Ne5 20.Re7+  1-0

[Event "ch-UZB Major"]
[Site "Tashkent UZB"]
[Date "2011.05.31"]
[Round "11"]
[White "Dzhumaev,M"]
[Black "Artemenko,O"]
[Result "1/2-1/2"]
[WhiteElo "2489"]
[BlackElo "2297"]

1.e4 c5 2.Nf3 Nc6 3.Nc3 g6 4.d4 cxd4 5.Nxd4 Bg7 6.Nb3 Nf6 7.Be2 O-O 8.O-O d6
9.Re1 a6 10.Bf1 b5 11.a4 b4 12.Nd5 Nd7 13.a5 Rb8 14.h3 e6 15.Ne3 Nf6 16.Nc4 d5
17.exd5 Nxd5 18.Qf3 Qc7 19.Be3 Nxe3 20.Qxe3 Rd8 21.Rad1 Bb7 22.Qb6 Qe7 23.Rxd8+ Rxd8
24.Qc5 Bf8 25.Qxe7 Bxe7 26.c3 Nb8 27.Nb6 Nd7 28.Nxd7 Rxd7 29.cxb4 Bxb4 30.Rc1 Bd5
31.Rc8+ Kg7 32.Nc5 Rd6 33.Nxa6 Bxa5 34.Nc7 Rc6 35.Ne8+ Kf8 36.Nc7+ Kg7 37.Ne8+ Kf8
38.Nc7+ Kg7  1/2-1/2